Statistiques concernant Personnages de Riverdale

Cliquez ici pour prendre le quiz!

Statistiques générales

  • Ce quiz a été pris 3 784 fois
  • Le résultat moyen est 10 sur 15

Statistiques - réponses

HintRéponse% Correct
Possède un côté sombreBetty
98%
Nouvelle arrivée dans la ville lors de la première saisonVéronica
98%
Porte du rouge à lèvre rougeCheryl
97%
Possède un chien nommé VégasArchie
95%
Habite au lycée au début de la saison 1Jughead
94%
Fils de l'officier de policeKévin
87%
En couple avec CherylTony
79%
Chanteuse des Pussy CatsJosie
67%
Leader des Southside SerpentsFP Jones
58%
Tué par son père dans la saison 1Jason Blossom
56%
Est en prison au début de la saison 1Hiram Lodge
53%
Se fait tirer dessus par la cagoule noire dans la saison 2Fred Andrews
51%
Associée du père d'un des personnages principauxHermione Lodge
37%
Membre secret des Southside SerpentsAlice Cooper
36%
Aime secrètement le meilleur ami de BettyReggie
28%

Distribution des résultats

Percentile par nombre de réponses

% des personnes avec chaque résultat

Votre développement - résultats

Vous n’avez pas pris ce quiz